| 000 | 00609nam a2200229Ia 4500 | ||
|---|---|---|---|
| 003 | OSt | ||
| 005 | 20220912150309.0 | ||
| 006 | a|||||r|||| 00| 0 | ||
| 007 | ta | ||
| 008 | 220909b |||||||| |||| 00| 0 eng d | ||
| 024 | _a43735 | ||
| 037 | _cTextual | ||
| 040 |
_aCSL _beng _cCSL |
||
| 041 | _aeng | ||
| 082 | _aG910aL, J3 | ||
| 100 | _aGrant Madeleine Parker | ||
| 245 | 0 | _aMicrobiology of human progress | |
| 260 |
_aNew York _b Rinehart _c1953 |
||
| 300 |
_axvii, 718p. _ccm. illus. |
||
| 942 |
_hG910aL, J3 _cTEXL _2CC |
||
| 999 |
_c44277 _d44277 |
||